00348nam a22001337i 4500020001700000020002400017040000800041082002600049100002500075245002200100250001100122260004400133300003700177 a0312252013 : a0312252021 (pbk.) : cDLC a333 MAR 1978 A069 Or.1 aDavis, David Howard.10aEnergy politics / a2d ed. aNew York :bSt. Martin's Press,cc1978. avii, 278 p. :bdiagrs. ;c22 cm.